مولا ناآزاد کے سا ءنسی مضا مينر (Record no. 3043)

MARC details
000 -LEADER
fixed length control field 00930nam a22002537a 4500
005 - DATE AND TIME OF LATEST TRANSACTION
control field 20081106115756.0
008 - FIXED-LENGTH DATA ELEMENTS--GENERAL INFORMATION
fixed length control field 081106t xxu||||| |||| 00| 0 ur d
010 ## - LCCN (DPL NO)
LC control number UR-7306
020 ## - INTERNATIONAL STANDARD BOOK NUMBER
Terms of availability 150.00
035 ## - SYSTEM CONTROL NUMBER
System control number U-5862
037 ## - SOURCE OF ACQUISITION
Source of stock number/acquisition D.B.Act / Pub
082 ## - DEWEY DECIMAL CLASSIFICATION NUMBER
Classification number 500
245 ## - TITLE STATEMENT
Title مولا ناآزاد کے سا ءنسی مضا مينر
Statement of responsibility, etc مر تبہ: وہا ب ‍ قيص
246 ## - VARYING FORM OF TITLE
Title proper/short title Moulana Azad ke Sciencee Mazameen
Remainder of title ed by Wahab Qesar
260 ## - PUBLICATION, DISTRIBUTION, ETC. (IMPRINT)
Place of publication, distribution, etc پٹنہ
Name of publisher, distributor, etc خدا بخش اور ينٹل پبلک لایبر يری
Date of publication, distribution, etc 2006
270 ## - ADDRESS
City پٹنہ
Postal code 4
300 ## - PHYSICAL DESCRIPTION
Extent 256P
Other physical details 22 cm (Pbk.)
650 ## - SUBJECT ADDED ENTRY--TOPICAL TERM
Topical term or geographic name as entry element سا ءنسی مضا مين
650 ## - SUBJECT ADDED ENTRY--TOPICAL TERM
Topical term or geographic name as entry element Science
700 ## - ADDED ENTRY--PERSONAL NAME
Personal name وہا ب قيصر
710 ## - ADDED ENTRY--CORPORATE NAME
Corporate name or jurisdiction name as entry element وہا ب قيصر
942 ## - ADDED ENTRY ELEMENTS (KOHA)
Institution code [OBSOLETE] dpl
Item type Urdu Bks
Source of classification or shelving scheme Dewey Decimal Classification
Classification part 500
Call number suffix ا ب و
Holdings
Withdrawn status Lost status Source of classification or shelving scheme Damaged status Not for loan Collection code Home library Current library Date acquired Cost, normal purchase price Total Checkouts Full call number Barcode Date last seen Copy number Cost, replacement price Koha item type
    Dewey Decimal Classification   Not For Loan Non-fiction D.B.Act.Division D.B.Act.Division 06/11/2008 150.00   500 ا ب و U-5862 15/09/2008 1 150.00 Urdu Bks

© Delhi Public Library
Hit Counter
free hit counter